Statystyki dla Potęgi liczby 3

Kliknij tutaj aby rozwiązać quiz!

Ogólne statystyki

  • Ten quiz został rozwiązany 152 razy
  • Średni wynik to 11 z 21

Statystyki odpowiedzi

3^x=% Poprawnych
3^327
100%
3^13
99%
3^29
99%
3^01
93%
3^481
90%
3^5243
79%
3^6729
74%
3^72187
63%
3^86561
54%
3^919683
50%
3^1059049
40%
3^11177147
37%
3^12531441
33%
3^131594323
31%
3^144782969
26%
3^1514348907
19%
3^1643046721
19%
3^17129140163
18%
3^18387420489
16%
3^191162261467
15%
3^203486784401
13%

Rozkład punktacji

Percentyl według liczby udzielonych odpowiedzi

Procent ludzi z każdym wynikiem

Twoja historia wyników

Nie rozwiązałeś tego quizu